| 000 | 00489cam a2200193 4500 | ||
|---|---|---|---|
| 001 | J108525 | ||
| 008 | 000000n2000 000 0 eng u | ||
| 035 | _a(Sirsi) u108525 | ||
| 050 | _a333.337 | ||
| 110 |
_aGVA Grimley _93646 |
||
| 245 | _aRetail warehouse rent index | ||
| 260 |
_aLondon _bGVA Grimley _c2000 |
||
| 300 | _a2 pts. ; 30cm. | ||
| 650 | _aRENTS | ||
| 650 | _aWAREHOUSES | ||
| 650 | _aREGIONS | ||
| 690 | _aPROPERTY-COMMERCIAL PROPERTY-RETAIL PROPERTY | ||
| 942 | _n0 | ||
| 999 |
_c100804 _d100804 |
||